| 000 | 00731nam a2200205 a 4500 | ||
|---|---|---|---|
| 001 | 1872 | ||
| 005 | 20140414131922.0 | ||
| 008 | 010725s19uu xx 00 eng d | ||
| 020 | _a0-688-17523-6 | ||
| 050 |
_aER _bT55 1996 |
||
| 100 | _aPaxton, Tom | ||
| 245 |
_aTooth fairy (The story of . . .) / _cby Tom Paxton; illustrated by Robert Sauber. |
||
| 260 |
_a[s.l.] : _bHarper Trophy, _c1996. |
||
| 300 | _a1v. (unp.) : ill. ; cm. | ||
| 520 | _aWhen seven-year old Emily and the fairy Glynnis exchange a tooth for a coin, the Fairy Queen announces the renewal of friendship between mortal and fairies. | ||
| 650 | _aTooth fairy-Fiction. | ||
| 650 | _aFriendship-Fiction. | ||
| 650 | _aFairies-Fiction. | ||
| 999 |
_c111792 _d111792 |
||